Country Names with Last Two Letters Closest in the Alphabet - Statistics

General Stats
  • This quiz has been taken 74 times
  • The average score is 9 of 19
Answer Stats
difference country % Correct
2 France
64%
2 United Kingdom
61%
1 Cuba
59%
1 Lebanon
54%
1 Gabon
53%
2 South Africa
53%
1 San Marino
51%
2 Costa Rica
49%
2 Belarus
47%
1 Fiji
47%
2 Jamaica
47%
1 Vanuatu
47%
2 Cyprus
46%
2 Dominica
46%
2 Greece
46%
1 Cameroon
42%
1 Ivory Coast
41%
2 Mauritius
41%
1 Cape Verde
39%
No matching quizzes found
Score Distribution
Percent of People with Each Score
Percentile by Number Answered
Your Score History
You have not taken this quiz